000 00360cam a2200145ua 4500
041 _aeng
_h
082 _a633.85
_bERN/TH
100 _aGuenther, Ernest .
245 _aEssential oils /
_cErnest guenther.
_hTextual Documents
260 _a :
_bD.Van Nostrand company. inc ,
_c1964.
300 _a777 ; .
504 _a
942 _cBK
999 _c12080
_d12080